000 00404nam a2200169Ia 4500
008 230524s9999 xx 000 0 und d
020 _a9789384588533
082 _a621.1083
_bKUM
100 _aVipin Kumar
_942944
245 0 _aSteam Tables
250 _a1
260 _aNew Delhi
_bI.K.International
_c2015
300 _a222P;
500 _aQuantity Number: 1
650 _aMechanics
942 _cBK
999 _c57904
_d57904